Ethical and affordable healthcare in India (Record no. 115523)

000 -LEADER
fixed length control field 01550pab a2200181 454500
008 - FIXED-LENGTH DATA ELEMENTS--GENERAL INFORMATION
fixed length control field 180718b2014 xxu||||| |||| 00| 0 eng d
100 ## - MAIN ENTRY--PERSONAL NAME
Personal name Kumar, R.
245 ## - TITLE STATEMENT
Title Ethical and affordable healthcare in India
260 ## - PUBLICATION, DISTRIBUTION, ETC.
Date of publication, distribution, etc. 2014
300 ## - PHYSICAL DESCRIPTION
Extent p.938-946.
362 ## - DATES OF PUBLICATION AND/OR SEQUENTIAL DESIGNATION
Dates of publication and/or sequential designation Oct-Dec
520 ## - SUMMARY, ETC.
Summary, etc. Public hospitals have become victims of apathy, absenteeism and corruption thus denying competent, compassionate and accessible healthcare to the citizen. In private hospitals, services are unaffordable, where even the rich have to pay through their nose by unnecessary interventions risking their lives. Now many members of society, including some doctors believe that corruption has crept into the holy precincts of 'this noble profession' viz. avoidable insertion of coronary stents, unnecessary and over-priced cataract surgery, uterus removal and caesareans and joint replacements has become increasingly common. There is a need to cut costs of procedures, medicines, devices and reduce investigations, giving precedence to clinical acumen. The healthcare can improve if the approach of the health workers is ethical and government makes adequate arrangements for affordable care in public hospitals. Government aided private family clinics or NGO clinics in every corner of the towns/villages can be another step in this direction to provide primary health care. - Reproduced.
650 ## - SUBJECT ADDED ENTRY--TOPICAL TERM
Topical term or geographic name entry element Hospitals - India
650 ## - SUBJECT ADDED ENTRY--TOPICAL TERM
Topical term or geographic name entry element Health services - India
650 ## - SUBJECT ADDED ENTRY--TOPICAL TERM
Topical term or geographic name entry element Health services
773 ## - HOST ITEM ENTRY
Main entry heading Indian Journal of Public Administration
909 ## -
-- 115529
Holdings
Withdrawn status Lost status Damaged status Not for loan Permanent Location Current Location Date acquired Serial Enumeration / chronology Barcode Date last seen Price effective from Koha item type
        Indian Institute of Public Administration Indian Institute of Public Administration 2018-07-19 Volume no: 60, Issue no: 4 AR115989 2018-07-19 2018-07-19 Articles

Powered by Koha